MDQL
is popping MORE tags! Check the
thread
!
Quizzes
Events
Quiz Creation
Community
Videos
Private Events
Remove Ads
Sign In
Join for FREE
Feedback
Dark Mode
Quiz Categories
Sports
Geography
Music
Movies
Television
Just For Fun
Miscellaneous
History
Literature
Language
Science
Gaming
Entertainment
Religion
Holiday
For Kids
Quiz Lab
Recent
Popular Today
Quiz Kudos Today
Editor Picks
Curator Picks
Quizzes by...
Day
Popularity
Type
Ratings
Length
Year
Community
Subscriptions
Recent Discussions
Orange Saloon
Badges
Playlists
Quests
Create
Leaderboards
Showdown
Live 5
Trivia Bingo
Activity
Puzzle Library
Sporcle Events
Private Events
Virtual Trivia
Globe League
Become a Host
Pub Owners
SporcleCon
Opinionation
Our Games
Videos
Blog
Mobile Apps
Partnerships
Remove Ads and Go Orange
Feedback
Sports
Athletes
MLB
NBA
NHL
NFL
Soccer
Sports Teams
WWE
NCAA
Football
Premier League
Basketball
Baseball
Hockey
Golf
Tennis
Cricket
Rugby
Auto Racing
Olympics
World Cup
Sports
Athletes
MLB
NBA
NHL
NFL
Soccer
Sports Teams
WWE
NCAA
Football
Premier League
Basketball
Baseball
Hockey
Golf
Tennis
Cricket
Rugby
Auto Racing
Olympics
World Cup
Random Quiz
Search Sporcle
×
Quiz Lab
Quiz Lab
Sports
2017
Type in answers that appear in a list
Type in answers that appear in a list
Classic
Best Score? Go Orange.
Chicago Cubs 2017 Postseason Roster Stats
Can you name the Chicago Cubs Postseason Roster 2017?
By
Bonjean12
7m
25 Questions
57 Plays
57 Plays
57 Plays
Comments
Comments
Give Quiz Kudos
Give Quiz Kudos
-
- Ratings
hide this ad
Replay
Link that replays current quiz
Next Quiz
Link to next quiz in quiz playlist
You Got
0%
They Got
Avg Score
74%
Avg Friend Score
Upgrade to see
Score Distribution
Jump to the score distribution portion of the page
Score
0/25
Timer
07:00
0
Plays Today
Hint
Answer
% Correct
1B
Anthony Rizzo
94.7%
P
Jon Lester
91.2%
P
Jake Arrieta
91.2%
2B/
SS
Javier Baez
91.2%
SS
Addison Russell
89.5%
3B
Kris Bryant
87.7%
OF
Jason Heyward
87.7%
P
Kyle Hendricks
84.2%
2B/
OF
Ben Zobrist
84.2%
P
Carl Edwards Jr.
80.7%
OF
Kyle Schwarber
80.7%
P
John Lackey
78.9%
P
Pedro Strop
73.7%
Hint
Answer
% Correct
OF
Ian Happ
73.7%
P
Wade Davis
71.9%
P
Jose Quintana
70.2%
P
Mike Montgomery
68.4%
OF
Albert Almora Jr.
66.7%
C
Willson Contreras
64.9%
C
Alex Avila
64.9%
2B
Tommy LaStella
59.6%
OF
Jon Jay
59.6%
P
Brian Duensing
56.1%
P
Justin Wilson
43.9%
OF
Leonys Martin
42.1%
Quiz Playlist
Details
Report
Send in Message
Add To Playlist
Classic:
Type in answers that appear in a list
Last Updated: Oct 11, 2017
Quiz Scoreboard
CHALLENGE
Sign Up to Join the Scoreboard
Show All
Scores
Hide
Comments
May contain spoilers
Recently Published
Colored Red Africa Blitz
by spor1
Geography
30s
Find the 'City' Movie
by crazypaving
Movies
60s
5x2 Blitz: Bands
by SL_Kpop136
Music
30s
More to Explore
Quiz From the Vault
Featured Blog Post
14 Easter Pick-up Lines to Find Eggs With
hide this ad
You Might Also Like...
Tags
2017
chicago
Chicago Cubs
postseason
Postseason Roster
Roster
Today's Top Quizzes in Sports
Browse Sports
hide this ad
Today's Top Quizzes in 2017
Browse 2017
Top Contributed Quizzes in Sports
1
Les meilleurs buteurs des matchs entre le PSG et l’OM
2
Les entraîneurs de l'OM et du PSG au 21e siècle
3
Les joueurs passés par le PSG et l'OM
4
2022 World Cup Stars
5
Players with Multiple 50 Home Run Seasons
6
Criteria MLB: Left Handed Sluggers
7
MLB Players with Two .350 Batting Average Seasons
8
Les joueurs passés par le LOSC et le RC Lens
9
NBA Logic Puzzle 2.0
10
Top 10 NHL Goal Scorers of All Time
Explore More
Trending Topics
Marvel
Kpop
Disney
NBA
Harry Potter
Anime
Crossword
Puzzle
The Office
WWE
NFL
Country
Song
Soccer
Pokémon
hide this ad
More By:
Bonjean12
Quiz
Plays
Rating
Category
Featured
Created
NCAA Basketball Coaches with 800+ wins
70
5.00
Sports
Feb 19, 2018
Chicago Cubs 2017 Postseason Roster
57
5.00
Sports
Oct 11, 2017
Go to Creator's Profile
Score Distribution
Quiz Creator Spotlight
Bonjean12
Follow
Send a Message
Quizzes Created
-
Created Quiz Play Count
-
More By This Creator
Popular Quizzes Today
1
Colored Red Africa Blitz
2
Find the US States - No Outlines Minefield
3
Find the 'City' Movie
4
5x2 Blitz: Bands
5
The Countries of the World
6
Find the US States
7
Find the Countries of Europe - No Outlines Minefield
8
US States
More Sports Quizzes
Most Premier League Appearances in the 2010s
Published
Trending Quizzes
Colored Red Europe Blitz I
Colored Red Europe Blitz II
Colored Red Africa Blitz II
Colored Red Europe Blitz III
Colored Red Africa Blitz III
Recently Updated
How Do You Spell That?
pecheneg
Godzilla Movies
pecheneg
Grab Bag: 4-10 Letters
pecheneg
2024 March Madness Bracket
pecheneg
Famous TV Couples
Peacemaker
Champions League XIs: Real Madrid
pecheneg
Largest US Cities 1790-2010
pecheneg
Rides in Walt Disney World
pecheneg
Most Oscar Losses (Acting)
pecheneg
Beyoncé Albums
pecheneg
Trending Topics
Disney
NBA
Anime
Harry Potter
Marvel
Crossword
Kpop
NFL
Pokémon
Country
The Office
Song
WWE
Puzzle
Soccer
Your Account Isn't Verified!
In order to create a playlist on Sporcle, you need to verify the email address you used during registration. Go to your
Sporcle Settings
to finish the process.
Report this User
Report this user for behavior that violates our
Community Guidelines
.
Details:
Send Report
Go to the Sporcle.com Mobile Site →
Comments